Životní prostředí a psychologie

Bibliographic Details
Main Authors: Štepán, Jan (Author), Černoušek, M. (Author)
Format: Article
Language:Czech
Subjects:

MARC

LEADER 00000nab a2200000 a 4500
001 vtls000302175
003 SK-MaSNL
005 20260304225309.0
008 230223c1987 xo 0 cze
015 |a SNBRB19rr/mm-uuuuu 
035 |a CL0312294 
035 |a urn:nbn:sk:snk-abbhn1 
035 |a (urnnbn)urn:nbn:sk:snk:ar-006eg7 
035 |a (uuid)c4ba8546-07b2-4f65-a9fe-bd571a6c5ca8 
040 |a SNKBUCL  |b slo  |c SNKBUCL  |e AACR2 
041 0 |a cze 
044 |a xo  |c SK 
080 |a 504:159.9  |2 1981 
080 |a 159.9  |2 1981 
100 1 |a Štepán, Jan  |4 aut  |9 378163 
245 1 0 |a Životní prostředí a psychologie  |c Jan Štepán 
650 0 7 |a životné prostredie  |2 snkbucl  |9 786 
650 0 7 |a psychológia  |2 snkbucl  |9 807 
655 7 |a články z novín a časopisov  |2 snkbucl  |9 267496 
700 1 |a Černoušek, M.  |4 aut  |9 1561294 
773 0 |t Životné prostredie  |g Roč. 21, č. 5 (1987), s. 277 
787 0 8 |i Rec.:  |a Černoušek, M.  |t Psychologie životního prostředí  |d Praha : Horizont, 1986 
850 |a Slovenská národná knižnica v Martine  |a MTA001 
852 |a SNK  |b KIS3GCP 
958 |a RK 
958 |a CZ 
958 |a OND 
958 |a EUIPO 
958 |a article15 
992 |a RBX 
999 |c 3176751  |d 3178681